Регионална библиотека "Любен Каравелов" - Русе

Маските на Бога (Запис номер 75573)

MARC детайли
000 -Лидер
Контролно поле с фиксирана дължина 01772nam a2200373 c 4500
003 - Код на организацията, давaща контролен номер
Контролно поле BLK
005 - Дата и час на последна редакция
Контролно поле 20180422103522.0
008 - Елементи от данни с фиксирана дължина
fixed length control field 180408b bul|||||r ||||||| ||bul||
010 ## - Наследен системен номер
LC control number KNG00079992000
020 ## - Международен стандартен номер на книга ISBN
Международен стандартен номер на книга ISBN 978-954-320-114-3
-- издат.: Рива - на том(т. 4)
040 ## - Източник на каталожния запис
Идентификатор на билиотеката - собственик на записа BLK
041 ## - Код за език
Код за езика на текст/звукозапис или на отделно заглавие Български
Код за езика КДБФ Български
080 ## - УДК
Текстов определител УДК Обща и сравнителна наука за религията. Религиозна традиция и литература на отделен народ
УДК код - определител по УДК 291
УДК определител
УДК - код + определител 291
080 ## - УДК
Текстов определител УДК Етнология. Етнография. Нрави. Обичаи. Бит. Фолклористика. Вж и 572 ; 903 ; 904
УДК код - определител по УДК 39
УДК определител
УДК - код + определител 39
100 1# - Редна дума - Автор
Автор Камбъл, Джоузеф
Авторска отговорност първи автор
R(LIN) 285272
139 ## - Редно поле
Редна дума Камбъл, Джоузеф
Авторски знак Камб - К 22
245 10 - Сведения за заглавието
Заглавие Маските на Бога
Подзаглавни данни В 4 т.
Редно поле (дума) Джоузеф Камбъл; прев. от англ. Цветан Георгиев Петков.
Том Т. 4
Заглавие на том Творческа митология
257 ## - Страна на издаване
Страна на създаване/издаване Великобритания
260 ## - Област на издателските данни
-- София
Година на издаване 2002 -
Печатница За том: В. Търново : Абагар
300 ## - Физическа характеристика
Размери/Мащаб 21 см
380 ## - Жанр
Жанр Религия. Теология
500 ## - Общи забележки
Забележка Ориг. загл. The Masks of God / Joseph Campbell.
650 #4 - Допълнително описание по предмет – тема
Основно описание – тема или топоним Митология
9 (RLIN) 162418
650 #4 - Допълнително описание по предмет – тема
Основно описание – тема или топоним Религии
9 (RLIN) 169205
653 ## - Ключова дума – ненормативна
Ключова дума митология
653 ## - Ключова дума – ненормативна
Ключова дума религии
700 1# - Други автори (авторска отговорност)
Лично име Петков, Цветан Георгиев
Автороска отговорност (Описва отношението между автора и произведението) прев. от англ.
9 (RLIN) 363360
760 1# - Описание на основната серия
-- - на том(т. 4)
Редна дума на основното описание Камбъл, Джоузеф
Място на издаване, издател и година Рива, 2007
Страници - том 782 с., с ил.
Забележка - том Ориг. загл. Creative Mythology.
Заглавие Т. 4 Творческа митология
852 ## - Местоположение
Форматна сигнатура Цб 214770
856 4# - Електронен адрес и достъп
Електронен формат pdf - файл
Път до файла /url/
856 4# - Електронен адрес и достъп
Електронен формат pdf - файл
Път до файла /url/
942 ## - АРТИКУЛИ
Вид на библиотечния материал Книги
Скрит в OPAC Не
944 ## - СЪЗДАВАНЕ И РЕДАКЦИЯ на ЗАПИСА
Създаване/Редакция Създаване
Дата на регистрацията/редакция 10.12.2007
Статус, дата на статуса ф /
Служител, извършил регистрацията/редакцията Милена_Ачева
944 ## - СЪЗДАВАНЕ И РЕДАКЦИЯ на ЗАПИСА
Създаване/Редакция Редакция
Дата на регистрацията/редакция 03.02.2010
Статус, дата на статуса ф /
Служител, извършил регистрацията/редакцията
999 ## - СИСТЕМНИ КОНТРОЛНИ НОМЕРА
Koha biblionumber 75573
Koha biblioitemnumber 75573
Наличности
Код за отписване Код за изгубен артикул Код за повреда Коз за рестрикции Код за отдаване Артикулен № Име на библиотеката - собственик Име на библиотеката, в която се намира в момента Статус (Текущо местоположение) Дата на вписване в системата Местоположение - отдел Цена в лева Инвентарен номер Систематично азбучна сигнатура Баркод Номер на екземпляра Цена в евро Служебна бележка Служебен тип на артикула
  Не е изгубен Не е повреден без рестрикции заемане за дома 122761 Регионална библиотека "Любен Каравелов" Русе Регионална библиотека "Любен Каравелов" Русе Заемна - подръчен фонд 2007-12-10 Заемна - подръчен фонд 24.00 120000720956 П 29/К 22 120000720956 1 12.27 Дост: Pk Вид: Ф N: 151 Дата: 05.12.2007 Дата инв: 02.02.2018 Бележки инв: П2018 Книги
Изтеглен Не е изгубен Не е повреден без рестрикции заемане за дома 122762 Регионална библиотека "Любен Каравелов" Русе Регионална библиотека "Любен Каравелов" Русе Заемна - подръчен фонд 2008-11-27 Заемна - подръчен фонд 24.00 120000731725 П 29/К 22 120000731725 2 12.27 Дост: Pk Вид: Ф N: 10088 Дата: 19.11.2008 Дата инв: 25.11.2014 Бележки инв: П2014 Книги
  Не е изгубен Не е повреден без рестрикции ползва се в читалня 122763 Регионална библиотека "Любен Каравелов" Русе Регионална библиотека "Любен Каравелов" Русе Хранилище 2010-02-03 Хранилище 24.00 120000741748 Цб 214770 120000741748 3 12.27 Дост: Dp Вид: Д N: 31 Дата: 22.07.2009 Книги
Vip Innovations Ltd, Rousse, Bulgaria 2025